Города по Фото — Ф - Statistics

General Stats
  • This quiz has been taken 22 times
  • The average score is 3 of 6
Answer Stats
Picture Hint Answer % Correct
Флоренция
80%
Франкфурт-на-Майне
80%
Филадельфия
47%
Фес
27%
Фрайбург
27%
Азорские острова Фуншал
7%
No matching quizzes found
Score Distribution
Percent of People with Each Score
Percentile by Number Answered
Your Score History
You have not taken this quiz